| 000 | 00746cam a2200241 a 4500 | ||
|---|---|---|---|
| 001 | 000008843 | ||
| 005 | 20200929161425.0 | ||
| 008 | 880427s1990 sp 000 j spa d | ||
| 035 | _a(DLC) 88135645 | ||
| 040 |
_aDO-SdBNP _cDLC _dDLC |
||
| 082 |
_a863.6 _bG216m |
||
| 100 | 1 |
_aGarcía Hortelano, Juan, _d1928-1992 _915617 |
|
| 245 | 1 | 0 |
_aMucho cuento / _cJuan García Hortelano ; edición de Alejandro Expósito. |
| 260 |
_aArte y Literatura : _bLa Habana, (Cuba), _c1990. |
||
| 300 |
_a242 p. ; _c18 cm. |
||
| 490 | 1 | _aBolsilibros | |
| 650 | 4 |
_aCuentos españoles _93194 |
|
| 650 | 4 |
_aLiteratura española _ySIGLO XX _93326 |
|
| 700 | 1 |
_aExpósito, Alejandro, _eed. _914071 |
|
| 830 | 0 |
_aBolsilibros ; _923397 |
|
| 910 | _aWM | ||
| 049 | _aBNGR | ||
| 999 |
_c8612 _d8612 |
||